| 000 | 00372nam a22001457a 4500 | ||
|---|---|---|---|
| 999 |
_c15556 _d15556 |
||
| 003 | OSt | ||
| 008 | 190515b ||||| |||| 00| 0 eng d | ||
| 020 | _a9789387973251 | ||
| 082 |
_a630 _bBRA/FO |
||
| 100 |
_aBrajendra _93191 |
||
| 245 | _aForulas and Computations in Agriculture | ||
| 260 |
_aNew Delhi _bNew India Publishing House _c2018 |
||
| 300 | _a139 p. | ||
| 942 | _cBK | ||